01417nam a2200253 a 450000100100000000500170001000800410002702000150006804000250008308200150010810000390012324501220016226001290028430000240041349000350043771000290047283000430050195201280054495201280067295201130080095201190091395201140103299900170114600002811020210705100942.0110406s1999 dr 000 0 spa d a9993425001 aDO-SdBNPbspacBNPHU axxxbS211m1 aSánchez Maríñez, Julio9159110aMicro, pequeña y mediana empresa. Estudios de casos de éxito :bRattan Dominicana /cJulio Sánchez Maríñez. aSanto Domingo :bCentro de Apoyo a la Micro, Pequeña y Mediana Empresa :bInstituto Tecnológico de Santo Domingo,c1999. axv, 41 p. ;c25 cm.1 aCAMPE de investigacionesvv. 12 aRattan Dominicana955118 0aCAMPE de investigacionesnno. 1955119 001054708DSaGRbGRcCTd2011-04-06iLF1l0oxxx S211mp28110-30r2020-06-25te. 3w2020-06-25yLFDSZPréstamo en sala 001054708DSaGRbGRcCTd2011-04-06iLF1l0oxxx S211mp28110-40r2020-06-25te. 4w2020-06-25yLFDSZPréstamo en sala 0010718PDaPDbPDcCTd2011-04-06iLF1l0oxxx S211mp28110-10r2020-06-25w2020-06-25yLFPDZNo se presta 0010718PDaPDbPDcCTd2011-04-06iLF1l0oxxx S211mp28110-20r2020-06-25te. 2w2020-06-25yLFPDZNo se presta 00107-18PDaPDbPDcOId2011-04-06iLF1l0oxxx S211mp28111-10r2020-06-25w2020-06-25yLFPDZNo se presta c27602d27602